Datum a čas kvízu
28.5
Celkem bodů
Celkový počet nahraných bodů na tomto kvízu bez doplňovacích otázek.
6.
Pořadí na kvízu
Konečné umístění týmu na tomto kvízu.
Zaznamenané odpovědi
| # | Otázka | Odpověď | Body | Výsledky |
|---|---|---|---|---|
| 1. | Marek Hilšer a Jiří Drahoš ozn... | 1 | ||
| 2. | Severokorejský vůdce Kim Čong-... | 1 | ||
| 3. | Jak se jmenuje první osobnost,... | 1 | ||
| 4. | Softwarový přehrávač MP3 od sp... | 1 | ||
| 5. | Málo vídaného výsledku 6:0 dos... | 1 | ||
| 6. | V hlasování na facebooku poraz... | 0.5 | ||
| 7. | Hrabalova matka pracovala jako... | 0 | ||
| 8. | Novela Taneční hodiny pro star... | 0 | ||
| 9. | Kterým slovem, pro Hrabala typ... | 0 | ||
| 10. | Celkem kolik osob cestuje dopr... | 0 |